000
00254nam a22001097a 4500
008
131217t xxu||||| |||| 00| 0 eng d
020
_a
978-0-00-711926-4
100
_a
Agatha Christie
_9
434
245
_a
Evil under the sun
300
_a
340
942
_2
ddc
_c
BK
999
_c
16705
_d
16705